000 004740000a22001810004500
003 MACL
005 20160119173258.0
008 160119b xxu||||| |||| 00| 0 eng d
040 _aMACL
_cMACL
041 _aEnglish
082 _a005.133/CHI
100 _aChitgopkar
_933398
245 _aLearn 'C' Now & Get Insight Into C++
260 _bGalgotia Publication
_c1995
_aNew Delhi
350 _a70
650 _aComputer Programming
_920374
942 _cBK
_k005.133/CHI
_2ddc
999 _c31144
_d31144